000 00606nam a22002057a 4500
003 OSt
008 260131b |||||||| |||| 00| 0 eng d
020 _a9781119270959
082 _a634.95
_bA82P
100 _aAshton, Mark S.
245 _aPractice of Silviculture : applied forest ecology /
_cby Mark S. Ashton and Matthew J. Kelty
250 _a10th ed.
260 _a.- NJ
_b: John Wiley
_c, 2018
300 _axvii,758p.
650 _aTechnology (Applied Sciences)
650 _aAgriculture and Related Technologies
650 _aSilviculture
700 _aKelty, Matthew J.
942 _2ddc
_cBK
999 _c49937
_d49937